000 00300nam a22001337a 4500
008 171031b xxu||||| |||| 00| 0 eng d
020 _a9780465043576
041 _aeng
080 _a33
100 _a59
101 _aBUS
245 _aTHE (MIS) BEHAVIOR OF MARKETS
_cMANDELBROT,B
942 _2udc
_cBK
999 _c36925
_d36925